Normal view
MARC view
- DEITEL PAUL
Entry Personal Name
001 - CONTROL NUMBER
- control field: 89170
003 - CONTROL NUMBER IDENTIFIER
- control field: NUST
005 - DATE AND TIME OF LATEST TRANSACTION
- control field: 20220218105605.0
008 - FIXED-LENGTH DATA ELEMENTS
- fixed length control field: 220218|| aca||aabn | a|a d
040 ## - CATALOGING SOURCE
- Original cataloging agency: NUST
- Transcribing agency: NUST
100 ## - HEADING--PERSONAL NAME
- Personal name: DEITEL PAUL
670 ## - SOURCE DATA FOUND
- Source citation: Work cat.: (NUST): DEITEL PAUL., HOW TO C PROGRAM /, 2019.
